000
00312nam a22001217a 4500
008
180605b xxu||||| |||| 00| 0 eng d
041
_a
eng
080
_a
043.3
100
_a
0
101
_a
SHKI-BTH
245
_a
Analysis of LAN Network Implementation for Small-to-Medium Business
_c
Rexhepi,M
942
_2
udc
_c
BK
999
_c
46312
_d
46312